header

The Hutchinson dictionary of space exploration (Record no. 77689)

MARC details
000 -LEADER
fixed length control field 01133nam a2200313Ia 4500
082 04 - DEWEY DECIMAL CLASSIFICATION NUMBER
Classification number 629.435
245 04 - TITLE STATEMENT
Title The Hutchinson dictionary of space exploration
260 ## - PUBLICATION, DISTRIBUTION, ETC. (IMPRINT)
Place of publication Oxford :
Name of publisher Helicon,
Year of publication 2005.
300 ## - PHYSICAL DESCRIPTION
Number of Pages (775) p.
650 #0 - SUBJECT ADDED ENTRY--TOPICAL TERM
Topical Term Astrophysics.
856 40 - ELECTRONIC LOCATION AND ACCESS
Uniform Resource Identifier http://site.ebrary.com/lib/rucke/Doc?id=10130730

No items available.

© 2026 Rongo University
Contact us: librarian | system librarian | Rongo university